| 000 | 00912nam a2200229 i 4500 | ||
|---|---|---|---|
| 003 | IT-RoINE | ||
| 005 | 20230112113111.0 | ||
| 008 | 050224s1982 sp |||||r |000|||spa d | ||
| 020 | _a8473921895 | ||
| 040 |
_aUPSA _cesslup IT-RoINE _dIT-RoINE |
||
| 100 | 1 |
_aAgustín, Antonio, _d1517-1586 _967818 |
|
| 245 | 1 | 0 |
_aAlveolus (manuscrito escurialense S-II-18) / _cAntonio Agustín ; introducción, preparación, notas y traducción de Cándido Flores Selles. |
| 260 |
_aMadrid : _bFundación Universitaria Española, _c1982. |
||
| 300 |
_a217 p. ; _c18 cm. |
||
| 490 | 0 | 0 |
_aClásicos olvidados ; _v6. |
| 500 | _aIncluye índices. | ||
| 610 | 2 | 0 |
_aMonasterio de El Escorial (San Lorenzo de El Escorial, España). _bBiblioteca _kManuscrito. _nS-II-18 _967819 |
| 650 | 4 |
_aTeología _xHistoria _xFuentes _967820 |
|
| 700 | 1 |
_a Flores Sellés, Cándido _967821 |
|
| 830 | 0 |
_95960 _aClásicos olvidados ; _v6 |
|
| 942 | _cMTS | ||
| 999 |
_c34461 _d34461 |
||